000
00350nam a2200133Ia 4500
008
151001s9999||||xx |||||||||||||| ||und||
100
_a
वसंत देशमुख
245
_a
अंतू
250
_a
1
260
_b
परचुरे प्रकाशन मुंबई
260
_c
1979
300
_a
248
365
_b
21
999
_c
969170
_d
969167